Elfelejtett dokumentumok
Elmentve itt :
| Szerző: | |
|---|---|
| Adatforrás: | Meister |
| Forrásdokumentuma: | A Hét. - 10 sz., 1991, 2 p. |
| Nyelv: | magyar |
| Kulcsszavak: | politikatörténet politikai intézmények nemzetiségi törvény (magyar, 1868) oktatás (anyanyelvű) kisebbségi kérdés erdélyi románok magyar nemzetiségi törvény, 1868 oktatás GOGA Octavian Román Nemzeti Párt (PNR) |
| LEADER | 00669nab a2200229 i 4500 | ||
|---|---|---|---|
| 001 | bibPRO00004939 | ||
| 008 | 060524s1991 xx hun | ||
| 040 | |a Sz1 | ||
| 041 | |a hun | ||
| 100 | 1 | |a FÁBIÁN Ernő | |
| 245 | 1 | 0 | |a Elfelejtett dokumentumok |c FÁBIÁN Ernő |
| 695 | |a politikatörténet | ||
| 695 | |a politikai intézmények | ||
| 695 | |a nemzetiségi törvény (magyar, 1868) | ||
| 695 | |a oktatás (anyanyelvű) | ||
| 695 | |a kisebbségi kérdés | ||
| 695 | |a erdélyi románok | ||
| 695 | |a magyar nemzetiségi törvény, 1868 | ||
| 695 | |a oktatás | ||
| 695 | |a GOGA Octavian | ||
| 695 | |a Román Nemzeti Párt (PNR) | ||
| 773 | 0 | |t A Hét. - |g 10 sz., 1991, 2 p. | |